| 000 | nam a22 7a 4500 | ||
|---|---|---|---|
| 999 |
_c8245 _d8245 |
||
| 008 | 171212b xxu||||| |||| 00| 0 eng d | ||
| 020 | _a9780297870920 | ||
| 100 |
_aYousafzai, Malala _94669 |
||
| 245 |
_aI am malala _bthe girl who stood up education and was shot by the taliban |
||
| 260 |
_aLondon _bWiedenfield & Nicolson _c2013 |
||